000 00345 a2200157 4500
001 62232
020 _a978851670298
040 _cAnchieta - Pituba
100 _aAmendola, Roberta
240 1 0 _aVentana al español 4
_lpor
245 1 0 _aVentana al español 4
300 _a143
362 0 _a2011
650 4 _aLíngua espanhola
942 _cBK
999 _c62232
_d62232